Welcome to the Holygrace Academy Library

Please use search bar below to get started

THE GODFATHER (Record no. 3723)

MARC details
000 -LEADER
fixed length control field 00618nam a22001457a 4500
020 ## - INTERNATIONAL STANDARD BOOK NUMBER
ISBN 978-0-0994-2928-9
082 ## - DEWEY DECIMAL CLASSIFICATION NUMBER
Classification number 823
Item number PUZ/G
100 ## - MAIN ENTRY--AUTHOR NAME
Personal name PUZO, MARIO
245 ## - TITLE STATEMENT
Title THE GODFATHER
260 ## - PUBLICATION, DISTRIBUTION, ETC. (IMPRINT)
Place of publication GREAT BRITAIN
Name of publisher ARROW BOOKS
Year of publication 1991
300 ## - PHYSICAL DESCRIPTION
Number of Pages 595
520 ## - SUMMARY, ETC.
Summary, etc Originally published in 1969 by G. P. Putnam's Sons, the novel details the story of a fictional Mafia family in New York City (and Long Island), headed by Vito Corleone, the Godfather. The novel covers the years 1945 to 1955 and includes the back story of Vito Corleone from early childhood to adulthood.
650 ## - SUBJECT ADDED ENTRY--TOPICAL TERM
Topical Term NOVEL
Geographic subdivision UNITED STATES
942 ## - ADDED ENTRY ELEMENTS (KOHA)
Koha item type Books
Holdings
Withdrawn status Lost status Collection code Home library Current library Shelving location Date acquired Source of acquisition Full call number Accession Number Koha item type
    Fiction Main Library Main Library SHELF-14-J- ALPHABETICAL P,Q --ENGLISH NOVELS & FICTIONS 04/05/2015 purchase 823 PUZ/G 05321 Books